| 000 | 00431nam a22001697a 4500 | ||
|---|---|---|---|
| 005 | 20160618093631.0 | ||
| 008 | 160618b xxu||||| |||| 00| 0 eng d | ||
| 020 | _a81-7649-268-X | ||
| 041 | _aeng | ||
| 082 | _b8062 | ||
| 100 |
_aTracy, Eileen _92171 |
||
| 245 | _aThe student's guide to exam success | ||
| 260 |
_aNew Delhi _bVikas Publishing House (P) Ltd. _c2006 |
||
| 300 | _a176 | ||
| 650 |
_aManagement _9241 |
||
| 942 | _cBK | ||
| 999 |
_c3031 _d3030 |
||